Innovative Developments In Arts Social And Manegement Sciences : (Record no. 195291)

MARC details
000 -LEADER
fixed length control field 00733nam a22002177a 4500
005 - DATE AND TIME OF LATEST TRANSACTION
control field 20230316145129.0
010 ## - LCCN (DPL NO)
LC control number ENG-136450
020 ## - INTERNATIONAL STANDARD BOOK NUMBER
Terms of availability 500.00
International Standard Book Number 9788194205289
035 ## - SYSTEM CONTROL NUMBER
System control number EN-119982
037 ## - SOURCE OF ACQUISITION
Source of stock number/acquisition DBAD/PUB
082 ## - DEWEY DECIMAL CLASSIFICATION NUMBER
Classification number 302.35
245 ## - TITLE STATEMENT
Title Innovative Developments In Arts Social And Manegement Sciences :
Statement of responsibility, etc Edited By K.Muthuchelian [et.al]
Remainder of title Challenges &Opportunities /
250 ## - EDITION STATEMENT
Edition statement First
260 ## - PUBLICATION, DISTRIBUTION, ETC. (IMPRINT)
Name of publisher, distributor, etc Virudhunagar Hindu Nadas Senthikmara Nagar College
Place of publication, distribution, etc Tamil Nadu
Date of publication, distribution, etc 2020
270 ## - ADDRESS
Address 3/151-1, College Road Virudhunagar
City Tamil Nadu
Postal code 626001
300 ## - PHYSICAL DESCRIPTION
Extent 197p.
Dimensions 25cm(pbk)
700 ## - ADDED ENTRY--PERSONAL NAME
Personal name Pandian, Sundara
700 ## - ADDED ENTRY--PERSONAL NAME
Personal name Jeyakumaran, N
700 ## - ADDED ENTRY--PERSONAL NAME
Personal name Pandiarajan, J
942 ## - ADDED ENTRY ELEMENTS (KOHA)
Source of classification or shelving scheme Dewey Decimal Classification
Item type English Books
Classification part 302.35
Call number suffix INN
Holdings
Withdrawn status Lost status Not for loan Collection code Home library Current library Date acquired Source of acquisition Cost, normal purchase price Full call number Barcode Copy number Koha item type
      Non-fiction Katevara Katevara 16/03/2023 DBAD/PUB 500.00 302.35 INN EN-119982 1 English Books

© Delhi Public Library
Hit Counter
free hit counter